Le Charivari / dir. Ch. Philipon. (Record no. 812)
[ view plain ]
| 000 -LEADER | |
|---|---|
| campo de control de longitud fija | 00798nas a2200265 i 4500 |
| 001 - NÚMERO DE CONTROL | |
| campo de control | 812 |
| 003 - IDENTIFICADOR DE NÚMERO DE CONTROL | |
| campo de control | ES-MaACL |
| 005 - FECHA Y HORA DE LA ÚLTIMA TRANSACCIÓN | |
| campo de control | 20250718150754.0 |
| 007 - CAMPO FIJO DE DESCRIPCIÓN FÍSICA--INFORMACIÓN GENERAL | |
| campo de control de longitud fija | t| |
| 008 - DATOS DE LONGITUD FIJA--INFORMACIÓN GENERAL | |
| campo de control de longitud fija | 950801c18321937fr | | 1 ||re d |
| 080 ## - NÚMERO DE LA CLASIFICACIÓN DECIMAL UNIVERSAL | |
| Número de la Clasificación Decimal Universal | 44 |
| 245 03 - MENCIÓN DEL TÍTULO | |
| Título | Le Charivari / dir. Ch. Philipon. |
| 260 ## - PUBLICACIÓN, DISTRIBUCIÓN, ETC. | |
| Lugar de publicación, distribución, etc. | Paris : |
| Nombre del editor, distribuidor, etc. | Imp. de Gregoire, |
| Fecha de publicación, distribución, etc. | 1832-1937 ( |
| Fabricante | Levè) |
| 300 ## - DESCRIPCIÓN FÍSICA | |
| Extensión | 92 v. : |
| Otras características físicas | il., grab. ; |
| Dimensiones | 38, 45 y 32 cm. |
| 310 ## - PERIODICIDAD ACTUAL | |
| Periodicidad actual | Diaria |
| 362 0# - FECHAS DE PUBLICACIÓN Y/O DESIGNACIÓN SECUENCIAL | |
| Fecha de publicación y/o designación secuencial | Año I (1832)-1937. |
| 650 14 - PUNTO DE ACCESO ADICIONAL DE MATERIA--TÉRMINO DE MATERIA | |
| Término de materia o nombre geográfico como elemento de entrada | Periódicos |
| 9 (RLIN) | 15941 |
| 700 1# - ENTRADA AGREGADA--NOMBRE PERSONAL | |
| Nombre de persona | Philipon, Ch, |
| 9 (RLIN) | 226330 |
| 700 1# - ENTRADA AGREGADA--NOMBRE PERSONAL | |
| Nombre de persona | Véron, Pierre. |
| 9 (RLIN) | 133849 |
| 700 1# - ENTRADA AGREGADA--NOMBRE PERSONAL | |
| Nombre de persona | Bettex, R. de, |
| 9 (RLIN) | 226331 |
| 852 ## - LOCALIZACIÓN | |
| Ubicación | ES-MaACL |
| Número de control de estantería | Z-39 |
| Signatura antigua | Olim: Hem-48 |
| 866 #0 - MENCIÓN TEXTUAL DE FONDOS--UNIDAD BIBLIOGRÁFICA BÁSICA | |
| Fondos | (1837 f. 1-16 en.) (1938 f. 1-12 en.)1839-41 (1842) 1843-44 (1845)1846, 1874-1909 (1910). |
| 942 ## - ELEMENTOS DE ENTRADA SECUNDARIOS (KOHA) | |
| Fuente del sistema de clasificación o colocación | Clasificación decimal universal |
| Estatus retirado | Estado de pérdida | Fuente del sistema de clasificación o colocación | Estado de daño | No para préstamo | Colección | Biblioteca de origen | Biblioteca actual | Ubicación en estantería | Fecha de adquisición | Total de préstamos | Signatura topográfica completa | Código de barras | Visto por última vez | Precio de reemplazo | Tipo de ítem Koha |
|---|---|---|---|---|---|---|---|---|---|---|---|---|---|---|---|
| Clasificación decimal universal | Periódicos y Revistas | Biblioteca del Ateneo de Madrid | Biblioteca del Ateneo de Madrid | Depósito | 17/01/2008 | Z-39 | 1000827 | 23/02/2023 | 23/02/2023 | Revista |
